000 00398cam a22001217a 4500
008 180718b1967 xxu||||| |||| 00| 0 eng d
082 _aY15x5406 H95
100 _aHusain, Imtiaz
245 _aLand revenue policy in North India: the ceded and conquered provinces, 1801-33
_cby Imtiaz Husain
260 _aCalcutta
_bNew Age
_c1967
300 _a298p.
650 _aLand value taxation --India --History
999 _c368876
_d368876